Countries by temperatures - Statistics

General Stats
  • This quiz has been taken 58 times
  • The average score is 25 of 40
Answer Stats
Hint Country Temp in C % Correct
avg low Russia -5.1
94%
record low Russia -67.8
94%
avg low Finland 1.7
91%
avg low Norway 1.5
91%
avg low Sweden 2.10
91%
record low Sweden -53
91%
avg low Canada -5.35
89%
record low Canada -63
89%
record high USA 56.7
89%
record low USA -62.2
89%
avg low Iceland 1.75
83%
record high Saudi Arabia 52
81%
record low China -58
79%
record low Denmark (Greenland) -66.1
79%
avg low Mongolia -0.7
72%
record low Mongolia -55.3
72%
record high UAE 52.1
70%
record high Iran 54
68%
record high Iraq 53.9
68%
avg high Mauritania 27.65
64%
record high Algeria 51.3
62%
avg high Mali 28.25
62%
record high Pakistan 53.5
62%
record low Pakistan -52
62%
record high Kuwait 54
60%
record low Afghanistan -52.2
57%
avg low Estonia 5.10
57%
record high Israel 54
57%
record high Tunisia 55
49%
avg low Kyrgyzstan 1.55
36%
record low Kyrgyzstan -53.6
36%
avg high Senegal 27.85
36%
avg low Tajikistan 2
34%
avg high Burkina Faso 28.25
32%
avg high Maldives 27.65
26%
avg high Benin 27.55
19%
avg high Djibouti 28
19%
avg high Kiribati 28.2
15%
avg high Palau 27.6
15%
avg high Tuvalu 28
11%
No matching quizzes found
Score Distribution
Percent of People with Each Score
Percentile by Number Answered
Your Score History
You have not taken this quiz